Statistics for How Many Cities Can You Name? (2024 January)

Click here to take the quiz!

General Stats

  • This quiz has been taken 20 times
  • The average score is 6 of 20

Answer Stats

Answer% Correct
Berlin
100%
San Francisco
100%
Copenhagen
88%
Giza
81%
Kuwait City
31%
Yangon
31%
Lagos
25%
Baku
19%
Cancun
19%
Muscat
19%
Bora Bora
13%
Buenos Aires
13%
Hobart
6%
Sunshine Coast
6%
Tashkent
6%
Addis Ababa
0%
Bandung
0%
Birmingham
0%
Cebu
0%
Warsaw
0%

Score Distribution

Percentile by Number Answered

Percent of People with Each Score

Your Score History

You have not taken this quiz